[Event "Deutsche Ländermeisterschaft 2025"]
[Site "Oer-Erkenschwick GER"]
[Date "2025.10.01"]
[Round "1"]
[White "Sniegowski, Richard"]
[Black "Burkart, Lloyd Shang"]
[Result "1/2-1/2"]
[Termination "normal"]
[Board "6.2"]
[WhiteElo "1854"]
[BlackElo "2080"]
[WhiteClock "00:20:39"]
[BlackClock "00:07:21"]
[WhiteTeam "Thüringen"]
[BlackTeam "Hessen"]
[PlyCount "109"]
[WhiteFideId "34664181"]
[BlackFideId "16239059"]
[EventCountry "GER"]
[EventRounds "7"]
[EventType "team-swiss"]
[EventDate "2025.09.30"]

1. e4 {[%clk 01:30:59]} c5 {[%clk 01:30:55]} {[%emt 00:00:05]} 2. c3 {[%clk
01:31:26]} {[%emt 00:00:04]} d5 {[%clk 01:31:13]} {[%emt 00:00:10]} 3. exd5
{[%clk 01:31:50]} {[%emt 00:00:07]} Qxd5 {[%clk 01:31:37]} {[%emt 00:00:05]} 4.
d4 {[%clk 01:32:05]} {[%emt 00:00:15]} Nf6 {[%clk 01:31:27]} {[%emt 00:00:40]}
5. Nf3 {[%clk 01:31:19]} {[%emt 00:01:15]} e6 {[%clk 01:31:42]} {[%emt
00:00:16]} 6. Be3 {[%clk 01:30:13]} {[%emt 00:01:36]} cxd4 {[%clk 01:31:34]}
{[%emt 00:00:38]} 7. cxd4 {[%clk 01:28:33]} {[%emt 00:02:11]} Bb4+ {[%clk
01:31:37]} {[%emt 00:00:26]} 8. Nbd2 {[%clk 01:28:04]} {[%emt 00:00:58]} Nc6
{[%clk 01:19:40]} {[%emt 00:12:28]} 9. a3 {[%clk 01:23:52]} {[%emt 00:04:43]}
Be7 {[%clk 01:12:18]} {[%emt 00:07:51]} 10. Bd3 {[%clk 01:20:40]} {[%emt
00:03:43]} O-O {[%clk 01:08:41]} {[%emt 00:04:07]} 11. O-O {[%clk 01:19:45]}
{[%emt 00:01:24]} b6 {[%clk 01:01:34]} {[%emt 00:07:37]} 12. Rc1 {[%clk
01:17:22]} {[%emt 00:02:54]} Bb7 {[%clk 01:01:16]} {[%emt 00:00:47]} 13. Qe2
{[%clk 01:07:22]} {[%emt 00:10:30]} Rfd8 {[%clk 00:48:49]} {[%emt 00:12:56]}
14. Rfd1 {[%clk 01:02:22]} {[%emt 00:05:30]} Bd6 {[%clk 00:23:50]} {[%emt
00:25:29]} 15. Nc4 {[%clk 01:00:33]} {[%emt 00:02:20]} Rac8 {[%clk 00:17:18]}
{[%emt 00:07:02]} 16. Nce5 {[%clk 00:56:32]} {[%emt 00:04:31]} Qa5 {[%clk
00:06:59]} {[%emt 00:10:45]} 17. Bf4 {[%clk 00:44:23]} {[%emt 00:12:44]} Bb8
{[%clk 00:00:40]} {[%emt 00:06:49]} 18. Nxf7 {[%emt 00:10:56]} Bxf4 {[%clk
00:01:03]} {[%emt 00:00:05]} 19. Qxe6 {[%clk 00:25:13]} {[%emt 00:09:16]} Qd5
{[%clk 00:00:32]} {[%emt 00:01:01]} 20. Nxd8+ {[%clk 00:24:43]} {[%emt
00:01:00]} Qxe6 {[%clk 00:01:00]} {[%emt 00:00:02]} 21. Nxe6 {[%clk 00:24:53]}
{[%emt 00:00:19]} Bxc1 {[%clk 00:01:20]} {[%emt 00:00:10]} 22. Rxc1 {[%clk
00:25:16]} {[%emt 00:00:08]} Nd5 {[%clk 00:00:32]} {[%emt 00:01:18]} 23. Neg5
{[%clk 00:23:34]} {[%emt 00:02:11]} h6 {[%clk 00:00:34]} {[%emt 00:00:28]} 24.
Ne4 {[%clk 00:23:49]} {[%emt 00:00:15]} Rd8 {[%clk 00:00:36]} {[%emt 00:00:29]}
25. Bc4 {[%clk 00:21:37]} {[%emt 00:02:42]} Na5 {[%clk 00:00:34]} {[%emt
00:00:33]} 26. Ba2 {[%clk 00:20:59]} {[%emt 00:01:08]} Kh8 {[%clk 00:00:37]}
{[%emt 00:00:26]} 27. Ne5 {[%clk 00:19:38]} {[%emt 00:01:51]} Kh7 {[%clk
00:00:33]} {[%emt 00:00:34]} 28. b4 {[%clk 00:13:09]} {[%emt 00:06:59]} Nf4
{[%clk 00:00:57]} {[%emt 00:00:07]} 29. Ng3 {[%clk 00:12:55]} {[%emt 00:00:43]}
Rxd4 {[%clk 00:00:33]} {[%emt 00:00:54]} 30. bxa5 {[%clk 00:12:47]} {[%emt
00:00:39]} bxa5 {[%clk 00:00:34]} {[%emt 00:00:28]} 31. f3 {[%clk 00:09:33]}
{[%emt 00:03:44]} Rd2 {[%clk 00:00:33]} {[%emt 00:00:31]} 32. Bb1+ {[%clk
00:09:53]} {[%emt 00:00:10]} Kg8 {[%clk 00:00:46]} {[%emt 00:00:17]} 33. Be4
{[%clk 00:08:12]} {[%emt 00:02:11]} Rxg2+ {[%clk 00:00:32]} {[%emt 00:00:45]}
34. Kh1 {[%clk 00:08:03]} {[%emt 00:00:38]} Bxe4 {[%clk 00:00:32]} {[%emt
00:00:30]} 35. fxe4 {[%clk 00:07:23]} {[%emt 00:01:10]} Ra2 {[%clk 00:00:41]}
{[%emt 00:00:21]} 36. Rf1 {[%clk 00:07:24]} {[%emt 00:00:29]} g5 {[%clk
00:00:49]} {[%emt 00:00:22]} 37. Nc4 {[%clk 00:06:43]} {[%emt 00:01:10]} Nh3
{[%clk 00:00:32]} {[%emt 00:00:48]} 38. Rb1 {[%clk 00:02:05]} {[%emt 00:05:08]}
Nf2+ {[%clk 00:00:45]} {[%emt 00:00:17]} 39. Kg1 {[%clk 00:02:29]} {[%emt
00:00:06]} Nh3+ {[%clk 00:01:13]} {[%emt 00:00:03]} 40. Kh1 {[%clk 00:01:27]}
{[%emt 00:01:32]} Nf2+ {[%clk 00:01:41]} {[%emt 00:00:02]} 41. Kg1 {[%clk
00:01:15]} {[%emt 00:00:42]} Nh3+ {[%clk 00:02:08]} {[%emt 00:00:02]} 42. Kf1
{[%clk 00:01:08]} {[%emt 00:00:37]} Rxh2 {[%clk 00:27:03]} {[%emt 00:05:36]}
43. Rb8+ {[%clk 00:31:14]} {[%emt 00:00:24]} Kf7 {[%clk 00:25:18]} {[%emt
00:02:14]} 44. Rb7+ {[%clk 00:31:21]} {[%emt 00:00:24]} Ke6 {[%clk 00:18:54]}
{[%emt 00:06:53]} 45. Rxa7 {[%clk 00:31:22]} {[%emt 00:00:29]} Nf4 {[%clk
00:18:49]} {[%emt 00:00:34]} 46. Rxa5 {[%clk 00:30:44]} {[%emt 00:01:09]} Rh3
{[%clk 00:17:09]} {[%emt 00:02:10]} 47. Ra6+ {[%clk 00:30:36]} {[%emt
00:00:38]} Kd7 {[%clk 00:16:48]} {[%emt 00:00:51]} 48. Nf5 {[%clk 00:29:03]}
{[%emt 00:02:03]} h5 {[%clk 00:16:11]} {[%emt 00:01:07]} 49. e5 {[%clk
00:28:36]} {[%emt 00:00:57]} Rf3+ {[%clk 00:14:44]} {[%emt 00:01:57]} 50. Kg1
{[%clk 00:26:21]} {[%emt 00:02:45]} Ne2+ {[%clk 00:14:59]} {[%emt 00:00:15]}
51. Kg2 {[%clk 00:26:22]} {[%emt 00:00:28]} Rxf5 {[%clk 00:15:16]} {[%emt
00:00:14]} 52. e6+ {[%clk 00:25:49]} {[%emt 00:01:03]} Ke7 {[%clk 00:14:06]}
{[%emt 00:01:39]} 53. Nd6 {[%clk 00:25:30]} {[%emt 00:00:49]} Rf8 {[%clk
00:10:05]} {[%emt 00:04:31]} 54. Ne4 {[%clk 00:20:46]} {[%emt 00:05:13]} Nf4+
{[%clk 00:07:21]} {[%emt 00:03:16]} 55. Kh2 {[%clk 00:20:39]} {[%emt 00:00:37]}
1/2-1/2

[Event "Deutsche Ländermeisterschaft 2025"]
[Site "Oer-Erkenschwick GER"]
[Date "2025.10.01"]
[Round "1"]
[White "Derr, Oleg"]
[Black "Junge, Mattheo Gabriel"]
[Result "1-0"]
[Termination "normal"]
[Board "6.3"]
[WhiteElo "2146"]
[BlackElo "1946"]
[WhiteClock "00:43:04"]
[BlackClock "00:06:33"]
[WhiteTeam "Hessen"]
[BlackTeam "Thüringen"]
[PlyCount "61"]
[WhiteFideId "34611517"]
[BlackFideId "34605908"]
[EventCountry "GER"]
[EventRounds "7"]
[EventType "team-swiss"]
[EventDate "2025.09.30"]

1. e4 {[%clk 01:30:57]} {[%emt 00:00:02]} c6 {[%clk 01:30:46]} {[%emt
00:00:14]} 2. d4 {[%clk 01:31:23]} {[%emt 00:00:05]} d5 {[%clk 01:31:10]}
{[%emt 00:00:05]} 3. Nc3 {[%clk 01:31:45]} {[%emt 00:00:08]} dxe4 {[%clk
01:31:34]} {[%emt 00:00:07]} 4. Nxe4 {[%clk 01:32:13]} {[%emt 00:00:02]} Nf6
{[%clk 01:31:55]} {[%emt 00:00:09]} 5. Nxf6+ {[%clk 01:32:38]} {[%emt
00:00:05]} exf6 {[%clk 01:32:19]} {[%emt 00:00:06]} 6. Be3 {[%clk 01:33:03]}
{[%emt 00:00:05]} Bd6 {[%clk 01:32:19]} {[%emt 00:00:30]} 7. Bd3 {[%clk
01:33:27]} {[%emt 00:00:06]} O-O {[%clk 01:32:17]} {[%emt 00:00:32]} 8. Ne2
{[%clk 01:33:51]} {[%emt 00:00:05]} Re8 {[%clk 01:32:33]} {[%emt 00:00:15]} 9.
O-O {[%clk 01:34:12]} {[%emt 00:00:09]} Nd7 {[%clk 01:31:57]} {[%emt 00:01:05]}
10. c4 {[%clk 01:34:35]} {[%emt 00:00:08]} Nf8 {[%clk 01:31:54]} {[%emt
00:00:33]} 11. Qc2 {[%clk 01:33:26]} {[%emt 00:01:39]} h5 {[%clk 01:31:04]}
{[%emt 00:01:19]} 12. h3 {[%clk 01:31:24]} {[%emt 00:02:32]} h4 {[%clk
01:24:43]} {[%emt 00:06:51]} 13. Rad1 {[%clk 01:29:18]} {[%emt 00:02:37]} Bb8
{[%clk 01:23:21]} {[%emt 00:01:50]} 14. Qc1 {[%clk 01:23:31]} {[%emt 00:06:19]}
g5 {[%clk 01:13:16]} {[%emt 00:10:28]} 15. d5 {[%clk 01:13:45]} {[%emt
00:10:23]} Qd6 {[%clk 01:08:04]} {[%emt 00:05:41]} 16. f4 {[%clk 01:14:09]}
{[%emt 00:00:07]} Ng6 {[%clk 00:53:35]} {[%emt 00:14:59]} 17. dxc6 {[%clk
01:10:46]} {[%emt 00:03:53]} Qe7 {[%clk 00:46:40]} {[%emt 00:07:23]} 18. Bd4
{[%clk 01:05:18]} {[%emt 00:06:00]} bxc6 {[%clk 00:46:05]} {[%emt 00:01:05]}
19. Rfe1 {[%clk 01:02:31]} {[%emt 00:03:17]} Qc7 {[%clk 00:30:06]} {[%emt
00:16:27]} 20. Bxf6 {[%clk 01:00:00]} {[%emt 00:03:02]} gxf4 {[%clk 00:28:45]}
{[%emt 00:01:51]} 21. Nd4 {[%clk 00:55:49]} {[%emt 00:04:42]} Re3 {[%clk
00:28:36]} {[%emt 00:00:39]} 22. Nf3 {[%clk 00:48:59]} {[%emt 00:07:19]} Qd6
{[%clk 00:19:29]} {[%emt 00:09:37]} 23. Rxe3 {[%clk 00:44:24]} {[%emt
00:05:06]} fxe3 {[%clk 00:19:44]} {[%emt 00:00:15]} 24. Bg5 {[%clk 00:44:34]}
{[%emt 00:00:19]} Qg3 {[%clk 00:17:25]} {[%emt 00:02:48]} 25. Bxg6 {[%clk
00:41:26]} {[%emt 00:03:40]} Bxh3 {[%clk 00:05:25]} {[%emt 00:12:30]} 26. Rd8+
{[%clk 00:41:19]} {[%emt 00:00:37]} Kg7 {[%clk 00:05:48]} {[%emt 00:00:06]} 27.
Qc3+ {[%clk 00:41:34]} {[%emt 00:00:15]} Be5 {[%clk 00:05:52]} {[%emt
00:00:26]} 28. Qxe5+ {[%clk 00:41:51]} {[%emt 00:00:13]} Qxe5 {[%clk 00:06:17]}
{[%emt 00:00:06]} 29. Nxe5 {[%clk 00:42:15]} {[%emt 00:00:06]} Rxd8 {[%clk
00:06:07]} {[%emt 00:00:40]} 30. Bxd8 {[%clk 00:42:39]} {[%emt 00:00:06]} fxg6
{[%clk 00:06:33]} {[%emt 00:00:05]} 31. gxh3 {[%clk 00:43:04]} {[%emt
00:00:05]} 1-0

[Event "Deutsche Ländermeisterschaft 2025"]
[Site "Oer-Erkenschwick GER"]
[Date "2025.10.01"]
[Round "1"]
[White "Meitzner, Jonathan Franz"]
[Black "Sreeramulu, Aarush"]
[Result "1-0"]
[Termination "normal"]
[Board "6.4"]
[WhiteElo "1834"]
[BlackElo "2115"]
[WhiteClock "00:49:28"]
[BlackClock "00:21:32"]
[WhiteTeam "Thüringen"]
[BlackTeam "Hessen"]
[PlyCount "103"]
[WhiteFideId "34616110"]
[BlackFideId "34610685"]
[EventCountry "GER"]
[EventRounds "7"]
[EventType "team-swiss"]
[EventDate "2025.09.30"]

1. e4 {[%clk 01:30:55]} {[%emt 00:00:04]} c6 {[%clk 01:30:49]} {[%emt
00:00:11]} 2. Nf3 {[%clk 01:31:00]} {[%emt 00:00:25]} d5 {[%clk 01:31:09]}
{[%emt 00:00:10]} 3. d3 {[%clk 01:31:01]} {[%emt 00:00:29]} dxe4 {[%clk
01:31:28]} {[%emt 00:00:11]} 4. dxe4 {[%clk 01:31:24]} {[%emt 00:00:06]} Qxd1+
{[%clk 01:31:33]} {[%emt 00:00:26]} 5. Kxd1 {[%clk 01:31:45]} {[%emt 00:00:10]}
Nf6 {[%clk 01:31:20]} {[%emt 00:00:42]} 6. Nfd2 {[%clk 01:31:55]} {[%emt
00:00:19]} g6 {[%clk 01:29:27]} {[%emt 00:02:24]} 7. f3 {[%clk 01:30:15]}
{[%emt 00:02:10]} Bg7 {[%clk 01:26:18]} {[%emt 00:03:40]} 8. a4 {[%clk
01:29:03]} {[%emt 00:01:41]} a5 {[%clk 01:26:13]} {[%emt 00:00:35]} 9. Nc4
{[%clk 01:27:17]} {[%emt 00:02:15]} Nfd7 {[%clk 01:23:36]} {[%emt 00:03:08]}
10. Be3 {[%clk 01:22:05]} {[%emt 00:05:42]} O-O {[%clk 01:23:05]} {[%emt
00:01:01]} 11. c3 {[%clk 01:18:12]} {[%emt 00:04:23]} Rd8 {[%clk 01:12:26]}
{[%emt 00:11:09]} 12. Kc2 {[%clk 01:16:14]} {[%emt 00:02:28]} e6 {[%clk
00:55:10]} {[%emt 00:17:46]} 13. Be2 {[%clk 01:06:56]} {[%emt 00:09:48]} Bf8
{[%clk 00:44:07]} {[%emt 00:11:34]} 14. Rd1 {[%clk 01:01:30]} {[%emt 00:05:56]}
Re8 {[%clk 00:43:19]} {[%emt 00:01:18]} 15. Nba3 {[%clk 00:57:04]} {[%emt
00:04:56]} Bc5 {[%clk 00:27:14]} {[%emt 00:16:36]} 16. Bxc5 {[%clk 00:52:50]}
{[%emt 00:04:43]} Nxc5 {[%clk 00:27:38]} {[%emt 00:00:06]} 17. Nb6 {[%clk
00:53:12]} {[%emt 00:00:08]} Ra7 {[%clk 00:27:12]} {[%emt 00:00:56]} 18. Nac4
{[%clk 00:53:17]} {[%emt 00:00:25]} Rf8 {[%clk 00:24:56]} {[%emt 00:02:46]} 19.
Rd2 {[%clk 00:50:22]} {[%emt 00:03:25]} e5 {[%clk 00:16:06]} {[%emt 00:09:20]}
20. Nxe5 {[%clk 00:48:09]} {[%emt 00:02:43]} Be6 {[%clk 00:15:33]} {[%emt
00:01:03]} 21. Bc4 {[%clk 00:48:18]} {[%emt 00:00:21]} Bxc4 {[%clk 00:15:04]}
{[%emt 00:01:00]} 22. Nexc4 {[%clk 00:48:33]} {[%emt 00:00:15]} Nba6 {[%clk
00:14:10]} {[%emt 00:01:23]} 23. Nxa5 {[%clk 00:43:53]} {[%emt 00:05:10]} Nc7
{[%clk 00:07:23]} {[%emt 00:07:17]} 24. b4 {[%clk 00:40:44]} {[%emt 00:03:39]}
N7e6 {[%clk 00:04:23]} {[%emt 00:03:30]} 25. Nac4 {[%clk 00:38:23]} {[%emt
00:02:50]} Nxa4 {[%clk 00:04:04]} {[%emt 00:00:49]} 26. Rxa4 {[%clk 00:38:45]}
{[%emt 00:00:09]} Rxa4 {[%clk 00:04:30]} {[%emt 00:00:04]} 27. Nxa4 {[%clk
00:39:02]} {[%emt 00:00:13]} b5 {[%clk 00:04:53]} {[%emt 00:00:07]} 28. Nab6
{[%clk 00:39:15]} {[%emt 00:00:17]} bxc4 {[%clk 00:04:07]} {[%emt 00:01:16]}
29. Nxc4 {[%clk 00:39:26]} {[%emt 00:00:19]} Ra8 {[%clk 00:03:48]} {[%emt
00:00:49]} 30. Kb2 {[%emt 00:01:07]} Rb8 {[%clk 00:03:37]} {[%emt 00:00:41]}
31. Kc2 {[%clk 00:36:59]} {[%emt 00:02:21]} Ra8 {[%clk 00:03:36]} {[%emt
00:00:30]} 32. Kd3 {[%clk 00:36:41]} {[%emt 00:00:47]} Rb8 {[%clk 00:03:06]}
{[%emt 00:01:01]} 33. Ne5 {[%clk 00:34:47]} {[%emt 00:02:24]} c5 {[%clk
00:02:21]} {[%emt 00:01:15]} 34. Nd7 {[%clk 00:33:29]} {[%emt 00:01:48]} Rd8
{[%clk 00:02:13]} {[%emt 00:00:38]} 35. Ke3 {[%clk 00:33:52]} {[%emt 00:00:06]}
cxb4 {[%clk 00:02:24]} {[%emt 00:00:20]} 36. cxb4 {[%clk 00:33:46]} {[%emt
00:00:36]} Rc8 {[%clk 00:02:38]} {[%emt 00:00:15]} 37. Nf6+ {[%clk 00:33:53]}
{[%emt 00:00:23]} Kf8 {[%clk 00:02:35]} {[%emt 00:00:33]} 38. Nd5 {[%clk
00:33:54]} {[%emt 00:00:28]} Rb8 {[%clk 00:02:42]} {[%emt 00:00:23]} 39. Rb2
{[%clk 00:33:20]} {[%emt 00:01:04]} Rb5 {[%clk 00:01:57]} {[%emt 00:01:16]} 40.
Kd3 {[%emt 00:00:44]} Nd8 {[%clk 00:01:38]} {[%emt 00:00:44]} 41. Kc4 {[%clk
00:33:07]} {[%emt 00:00:33]} Rb8 {[%clk 00:30:12]} {[%emt 00:01:57]} 42. b5
{[%clk 01:03:03]} {[%emt 00:00:34]} Nb7 {[%clk 00:30:11]} {[%emt 00:00:31]} 43.
b6 {[%clk 01:02:18]} {[%emt 00:01:15]} Rc8+ {[%clk 00:28:57]} {[%emt 00:01:44]}
44. Kb5 {[%clk 01:02:07]} {[%emt 00:00:40]} Nd6+ {[%clk 00:28:28]} {[%emt
00:00:59]} 45. Kb4 {[%clk 01:01:47]} {[%emt 00:00:50]} Rc4+ {[%clk 00:27:08]}
{[%emt 00:01:51]} 46. Ka5 {[%clk 00:49:52]} {[%emt 00:12:26]} Rc5+ {[%clk
00:22:08]} {[%emt 00:05:29]} 47. Ka6 {[%clk 00:49:13]} {[%emt 00:01:09]} Nc4
{[%clk 00:22:18]} {[%emt 00:00:19]} 48. Rb5 {[%clk 00:49:32]} {[%emt 00:00:11]}
Rc6 {[%clk 00:22:00]} {[%emt 00:00:48]} 49. Kb7 {[%clk 00:49:15]} {[%emt
00:00:48]} Re6 {[%clk 00:22:12]} {[%emt 00:00:19]} 50. Ka7 {[%clk 00:49:22]}
{[%emt 00:00:21]} Nd6 {[%clk 00:22:06]} {[%emt 00:00:37]} 51. Rc5 {[%clk
00:49:12]} {[%emt 00:00:40]} Re8 {[%clk 00:21:32]} {[%emt 00:01:04]} 52. b7
{[%clk 00:49:28]} {[%emt 00:00:14]} 1-0

[Event "Deutsche Ländermeisterschaft 2025"]
[Site "Oer-Erkenschwick GER"]
[Date "2025.10.01"]
[Round "1"]
[White "Werner, Rosalie"]
[Black "Ulrich, Helena Irene"]
[Result "1/2-1/2"]
[Termination "normal"]
[Board "6.5"]
[WhiteElo "1953"]
[BlackElo "1806"]
[WhiteClock "00:26:29"]
[BlackClock "00:26:10"]
[WhiteTeam "Hessen"]
[BlackTeam "Thüringen"]
[PlyCount "84"]
[WhiteFideId "16223748"]
[BlackFideId "16256000"]
[EventCountry "GER"]
[EventRounds "7"]
[EventType "team-swiss"]
[EventDate "2025.09.30"]

1. e4 {[%clk 01:30:57]} {[%emt 00:00:02]} c5 {[%clk 01:30:57]} {[%emt
00:00:04]} 2. Nf3 {[%clk 01:31:22]} {[%emt 00:00:05]} d6 {[%clk 01:31:24]}
{[%emt 00:00:03]} 3. d4 {[%clk 01:31:46]} {[%emt 00:00:06]} cxd4 {[%clk
01:31:50]} {[%emt 00:00:04]} 4. Nxd4 {[%clk 01:32:09]} {[%emt 00:00:07]} Nf6
{[%clk 01:32:16]} {[%emt 00:00:04]} 5. Nc3 {[%clk 01:31:54]} {[%emt 00:00:45]}
a6 {[%clk 01:32:42]} {[%emt 00:00:04]} 6. Be2 {[%clk 01:32:03]} {[%emt
00:00:22]} e5 {[%clk 01:33:08]} {[%emt 00:00:04]} 7. Nb3 {[%clk 01:32:29]}
{[%emt 00:00:04]} Be6 {[%clk 01:33:31]} {[%emt 00:00:06]} 8. O-O {[%clk
01:32:46]} {[%emt 00:00:13]} Be7 {[%clk 01:33:59]} {[%emt 00:00:03]} 9. Re1
{[%clk 01:33:09]} {[%emt 00:00:06]} O-O {[%clk 01:34:19]} {[%emt 00:00:10]} 10.
Bf3 {[%clk 01:33:26]} {[%emt 00:00:13]} Nbd7 {[%clk 01:34:29]} {[%emt
00:00:20]} 11. a4 {[%clk 01:33:46]} {[%emt 00:00:10]} Qb8 {[%clk 01:34:32]}
{[%emt 00:00:28]} 12. Be3 {[%clk 01:17:48]} {[%emt 00:16:28]} Rc8 {[%clk
01:17:53]} {[%emt 00:17:09]} 13. a5 {[%clk 01:09:28]} {[%emt 00:08:49]} b5
{[%clk 01:08:24]} {[%emt 00:09:59]} 14. axb6 {[%clk 00:55:43]} {[%emt
00:14:15]} Nxb6 {[%clk 01:08:41]} {[%emt 00:00:13]} 15. Na5 {[%clk 00:55:25]}
{[%emt 00:00:48]} Nc4 {[%clk 01:01:34]} {[%emt 00:07:37]} 16. Nxc4 {[%clk
00:53:44]} {[%emt 00:02:11]} Bxc4 {[%clk 01:00:41]} {[%emt 00:01:23]} 17. Na4
{[%clk 00:52:53]} {[%emt 00:01:21]} Bd8 {[%clk 00:49:28]} {[%emt 00:11:43]} 18.
b3 {[%clk 00:44:04]} {[%emt 00:09:19]} Be6 {[%clk 00:41:42]} {[%emt 00:08:16]}
19. Qd3 {[%clk 00:35:33]} {[%emt 00:09:00]} Ng4 {[%clk 00:20:08]} {[%emt
00:22:06]} 20. Bxg4 {[%clk 00:21:40]} {[%emt 00:14:23]} Bxg4 {[%clk 00:20:32]}
{[%emt 00:00:05]} 21. f3 {[%clk 00:21:08]} {[%emt 00:01:02]} Be6 {[%clk
00:19:56]} {[%emt 00:01:07]} 22. Red1 {[%clk 00:16:05]} {[%emt 00:05:33]} Rc6
{[%clk 00:17:10]} {[%emt 00:03:16]} 23. c4 {[%clk 00:13:44]} {[%emt 00:02:51]}
Qc8 {[%clk 00:12:26]} {[%emt 00:05:14]} 24. c5 {[%clk 00:03:31]} {[%emt
00:10:44]} dxc5 {[%clk 00:07:45]} {[%emt 00:05:10]} 25. Bxc5 {[%clk 00:03:46]}
{[%emt 00:00:15]} Rxc5 {[%clk 00:03:14]} {[%emt 00:05:01]} 26. Qxd8+ {[%clk
00:04:09]} {[%emt 00:00:07]} Qxd8 {[%clk 00:03:41]} {[%emt 00:00:03]} 27. Rxd8+
{[%clk 00:04:33]} {[%emt 00:00:07]} Rxd8 {[%clk 00:04:08]} {[%emt 00:00:02]}
28. Nxc5 {[%clk 00:04:56]} {[%emt 00:00:07]} Rd6 {[%clk 00:04:32]} {[%emt
00:00:06]} 29. Nxa6 {[%clk 00:03:40]} {[%emt 00:01:46]} Bxb3 {[%clk 00:03:59]}
{[%emt 00:01:02]} 30. Nc5 {[%clk 00:03:54]} {[%emt 00:00:15]} Rd1+ {[%clk
00:04:22]} {[%emt 00:00:09]} 31. Rxd1 {[%clk 00:04:06]} {[%emt 00:00:18]} Bxd1
{[%clk 00:04:49]} {[%emt 00:00:03]} 32. Kf2 {[%clk 00:04:06]} {[%emt 00:00:30]}
Bc2 {[%clk 00:03:28]} {[%emt 00:01:51]} 33. h4 {[%clk 00:01:37]} {[%emt
00:02:59]} f6 {[%clk 00:01:38]} {[%emt 00:02:20]} 34. g4 {[%clk 00:00:58]}
{[%emt 00:01:09]} Kf7 {[%clk 00:00:58]} {[%emt 00:01:10]} 35. Kg3 {[%clk
00:00:39]} {[%emt 00:00:49]} Bd1 {[%clk 00:00:35]} {[%emt 00:00:52]} 36. Nd3
{[%clk 00:00:43]} {[%emt 00:00:27]} Be2 {[%clk 00:00:41]} {[%emt 00:00:25]} 37.
Nf2 {[%clk 00:00:53]} {[%emt 00:00:19]} Bb5 {[%clk 00:00:58]} {[%emt 00:00:13]}
38. Nd1 {[%clk 00:00:54]} {[%emt 00:00:28]} Ke6 {[%clk 00:00:40]} {[%emt
00:00:49]} 39. Ne3 {[%clk 00:01:14]} {[%emt 00:00:10]} g6 {[%clk 00:00:32]}
{[%emt 00:00:39]} 40. f4 {[%clk 00:00:40]} {[%emt 00:01:04]} Bd3 {[%clk
00:00:36]} {[%emt 00:00:25]} 41. Kf3 {[%clk 00:26:33]} {[%emt 00:04:36]} exf4
{[%clk 00:26:47]} {[%emt 00:04:20]} 42. Kxf4 {[%clk 00:26:29]} {[%emt
00:00:34]} g5+ {[%clk 00:26:10]} {[%emt 00:01:08]} 1/2-1/2